Países continentais com maior área em ilhas pertencentes - Statistics

Estatísticas Gerais
  • Esse quiz foi jogado 55 vezes
  • A pontuação média é 5 de 6
Estatísticas das Respostas
Hint Resposta % Correto
América Canadá
98%
Europa Grécia
84%
Europa Itália
84%
Europa Noruega
80%
Europa Dinamarca
78%
América Chile
70%
Nenhum quiz correspondente encontrado
Distribuição das Pontuações
Porcentagem de Pessoas com Cada Pontuação
Percentil de Números Respondidos
Sua Pontuação Histórica
Você não jogou esse quiz